00984cam a22002535a 45000010009000000050017000090080041000260200018000670400071000850820020001561000029001762450073002052500012002782600067002903000033003574900046003905000024004365040033004606500036004936530020005299420008005499990017005579520156005741477418020160622121047.0070319s2007 enka frb 001 0 eng d a9780415401272 aDLCcDLCdBAKERdBTCTAdYDXCPdBWKUKdBWKdUKMdDLCdEG-ScBUEbeng04a306.44222bSTO1 aStockwell, Peter.94029310aSociolinguistics :ba resource book for students /cPeter Stockwell. a2nd ed. aOxon ;aNew York :bRoutledge / Taylor & Francis Group,c2007. axv, 254 p. :bill. ;c26 cm.0 aRoutledge English language introductions. aIndex : p. 249-254. aBibliography : p. [231]-248. 7aSociolinguistics.2BUEsh939810 bEEENGcJune2016 2ddc c21940d21912 00102ddc40708BaccahaMAINbMAINc1STd2016-06-22ePurchaseg634.00h25868l1m3o306.44 STOp000032726r2025-07-15 00:00:00s2018-05-22v793.00yBB